Taylor Swift mystery lyrics #92 - Statistics

General Stats
  • This quiz has been taken 56 times
  • The average score is 311 of 421
Answer Stats
Answer % Correct
a
100%
I
100%
you
100%
You
100%
me
98%
to
98%
an
95%
and
95%
And
95%
be
95%
my
95%
the
95%
The
95%
your
95%
in
93%
it
93%
we
93%
you're
93%
love
91%
on
91%
when
91%
When
91%
who
91%
it's
89%
she
89%
that
89%
I'm
86%
know
86%
they
86%
Do
84%
go
84%
is
84%
no
84%
too
84%
were
84%
we're
84%
all
82%
But
82%
of
82%
say
82%
what
82%
for
80%
said
80%
don't
77%
have
77%
her
77%
so
77%
Why
77%
can't
75%
I'll
75%
like
75%
mine
75%
she's
75%
shoes
75%
was
75%
just
73%
Just
73%
never
73%
Oh
73%
with
73%
you'll
73%
had
70%
not
70%
now
70%
Now
70%
a.m.
68%
bet
68%
'cause
68%
free
68%
out
68%
than
68%
up
68%
at
66%
did
66%
get
66%
think
66%
about
64%
fall
64%
has
64%
let
64%
still
64%
tell
64%
that's
64%
time
64%
3
61%
awake
61%
fell
61%
friends
61%
leave
61%
Yeah
61%
yeah
61%
eyes
59%
girl
59%
happy
59%
life
59%
need
59%
wasn't
59%
back
57%
bed
57%
better
57%
forget
57%
help
57%
over
57%
Well
57%
done
55%
make
55%
couldn't
52%
dreams
52%
every
52%
fine
52%
grew
52%
hard
52%
harder
52%
lookin'
52%
Thinkin'
52%
around
50%
believe
50%
city
50%
community
50%
farm
50%
jokes
50%
old
50%
raised
50%
reality
50%
rolled
50%
room
50%
shrink
50%
silver-spoon
50%
spring
50%
table
50%
asleep
48%
Beverly
48%
book
48%
different
48%
feel
48%
gated
48%
God
48%
heard
48%
Hills
48%
kitchen
48%
last
48%
laughed
48%
livin'
48%
mansion
48%
meaning
48%
pedigree
48%
sad
48%
sit
48%
talkin'
48%
'bout
45%
couch
45%
dancin'
45%
early
45%
fast
45%
felt
45%
fit
45%
hadn't
45%
insane
45%
Mr.
45%
realized
45%
searchin'
45%
snow
45%
soul
45%
space
45%
tried
45%
world
45%
Does
43%
house
43%
mattered
43%
none
43%
scared
43%
shiny
43%
shit
43%
song
43%
wrote
43%
Yes
43%
bills
41%
circles
41%
million-dollar
41%
organic
41%
sayin'
41%
'em
39%
saved
39%
Superior
39%
turned
39%
voices
39%
block
36%
concerts
36%
crept
36%
hip
36%
indie
36%
loud
36%
bright
34%
upper-crust
34%
cool
32%
music
32%
Chasing
30%
Glamorous
30%
huh
30%
status
30%
week
30%
make-believe
27%
No matching quizzes found
Score Distribution
Percent of People with Each Score
Percentile by Number Answered
Your Score History
You have not taken this quiz